MARC details
| 000 -CABECERA |
| campo de control de longitud fija |
01672nam a22003617a 4500 |
| 001 - NÚMERO DE CONTROL |
| campo de control |
991003000329706706 |
| 003 - IDENTIFICADOR DEL NÚMERO DE CONTROL |
| campo de control |
ES-BaIT |
| 005 - FECHA Y HORA DE LA ÚLTIMA TRANSACCIÓN |
| campo de control |
20260422120943.0 |
| 008 - DATOS DE LONGITUD FIJA--INFORMACIÓN GENERAL |
| campo de control de longitud fija |
081014s1942 spc|||| |||||||| ||spa |
| 035 ## - NÚMERO DE CONTROL DEL SISTEMA |
| Número de control de sistema |
(ES-BaCBU).b40644455 |
| 040 ## - FUENTE DE LA CATALOGACIÓN |
| Centro catalogador/agencia de origen |
ES-BaBC |
| Lengua de catalogación |
cat |
| Centro/agencia transcriptor |
ES-BaBC |
| 080 ## - NÚMERO DE LA CLASIFICACIÓN DECIMAL UNIVERSAL |
| Número de la Clasificación Decimal Universal |
782.1.089.2 |
| 100 1# - ENTRADA PRINCIPAL--NOMBRE DE PERSONA |
| Nombre de persona |
Pascual Frutos, Luis, |
| Fechas asociadas al nombre |
1872-1939 |
| 9 (RLIN) |
38029 |
| 240 1# - TÍTULO UNIFORME |
| Título uniforme |
Molinos de viento. |
| Versión |
Llibret |
| 9 (RLIN) |
169280 |
| 245 10 - MENCIÓN DE TÍTULO |
| Título |
Molinos de viento : |
| Resto del título |
opereta en un acto, dividido en tres cuadros, en prosa y verso / |
| Mención de responsabilidad, etc. |
original de Luis Pascual Frutos ; música del maestro Pablo Luna |
| 260 ## - PUBLICACIÓN, DISTRIBUCIÓN, ETC. |
| Lugar de publicación, distribución, etc. |
Barcelona : |
| Nombre del editor, distribuidor, etc. |
Alas, |
| Fecha de publicación, distribución, etc. |
1942 |
| 300 ## - DESCRIPCIÓN FÍSICA |
| Extensión |
64 p. : |
| Otras características físicas |
retrats ; |
| Dimensiones |
18 cm |
| 500 ## - NOTA GENERAL |
| Nota general |
Retrats de Vicente Simón, Luís Pascual Frutos, Pablo Luna i dos imatges de la representació |
| 500 ## - NOTA GENERAL |
| Nota general |
P17: D6, H11 i altres |
| 500 ## - NOTA GENERAL |
| Nota general |
Estrena 1910-12-2, Cervantes (Sevilla) |
| 500 ## - NOTA GENERAL |
| Nota general |
Inclou repartiment |
| 593 ## - Camps col·lecció exemplar |
| Signatura topogràfica i/o núm. de registre |
16492 |
| Notes |
Enquadernació tela vermella. Enquadernat en col·lecció factícia: Colección / teatral / Teatro selecto / Varios Autores / No 16492 / a 16495 / A. S. [Artur Sedó ] |
| Nom de la col·lecció especial |
Artur Sedó |
| 593 ## - Camps col·lecció exemplar |
| Signatura topogràfica i/o núm. de registre |
7460-N |
| Notes |
Enquadernat en col·lecció factícia sense títol. |
| 650 #0 - PUNTO DE ACCESO ADICIONAL DE MATERIA--TÉRMINO DE MATERIA |
| Término de materia o nombre geográfico como elemento de entrada |
Operetes |
| Subdivisión general |
Llibrets |
| Subdivisión de forma |
Llibrets |
| 9 (RLIN) |
68197 |
| 700 1# - ENTRADA AGREGADA--NOMBRE PERSONAL |
| Nombre de persona |
Luna, Pablo, |
| Fechas asociadas al nombre |
1879-1942 |
| 9 (RLIN) |
30241 |
| 830 ## - PUNTO DE ACCESO ADICIONAL DE SERIE-TÍTULO UNIFORME |
| Título uniforme |
Nuestro teatro (Alas) |
| Designación de volumen o secuencia |
3, 12 |
| 9 (RLIN) |
148626 |
| 856 42 - LOCALIZACIÓN Y ACCESO ELECTRÓNICOS |
| Nota pública |
Fitxa del catàleg manual |
| Identificador Uniforme del Recurso |
<a href="http://www.cdmae.cat/sedo/imgtitulos/046/P0001137.gif">http://www.cdmae.cat/sedo/imgtitulos/046/P0001137.gif</a> |
| 856 42 - LOCALIZACIÓN Y ACCESO ELECTRÓNICOS |
| Nota pública |
Fitxa del catàleg manual |
| Identificador Uniforme del Recurso |
<a href="http://www.cdmae.cat/sedo/imgtitulos/046/P0001142.gif">http://www.cdmae.cat/sedo/imgtitulos/046/P0001142.gif</a> |
| 907 ## - ELEMENTOS DE DATOS G LOCAL, LDG (RLIN) |
| a |
.b40644455 |
| b |
09-07-20 |
| c |
14-10-08 |
| d |
14-10-08 |
| e |
m |
| f |
a |
| g |
- |
| h |
spa |
| i |
spc |
| j |
0 |
| k |
0 |
| 908 ## - COLOCAR PARÁMETRO DE COMANDO (RLIN) |
| Colocar parámetro de comando |
BC |
| -- |
CLR |
| -- |
CDMAE |
| 940 ## - EQUIVALENCIA O REFERENCIA-CRUZADA--TÍTULO UNIFORME [OBSOLETO] [solamente CAN/MARC] |
| Título uniforme |
<a href="BC">BC</a> |
| 942 ## - ELEMENTOS DE ENTRADA AGREGADA (KOHA) |
| Fuente del sistema de clasificación o colocación |
Clasificación decimal universal |
| Tipo de ítem Koha |
Llibre |